Crash Course Anatomy (رقم التسجيلة. 30124)
[ عرض عادي ]
| 000 -الفاتح | |
|---|---|
| حقل البيانات ثابتة الطول | 01087cam a22003498a 4500 |
| 001 - رقم الضبط | |
| رقم الضبط | 16934206 |
| 003 - محدد رقم الضبط | |
| رقم الضبط | OSt |
| 005 - وقت وتاريخ اخر تعامل مع التسجيلة | |
| رقم الضبط | 20170112101727.0 |
| 008 - عناصر البيانات ثابتة الطول - معلومات عامة | |
| حقل البيانات ثابتة الطول | 110822s2012 stk 001 0 eng |
| 010 ## - رقم ضبط مكتبة الكونجرس | |
| رقم ضبط مكتبة الكونجرس | 2011035459 |
| 020 ## - الرقم الدولى المعيارى للكتب | |
| الرقم الدولى المعيارى للكتاب | 9780723436218 |
| 035 ## - رقم ضبط النظام | |
| رقم ضبط النظام | (DNLM)101567441 |
| 040 ## - مصدر الفهرسة | |
| وكالة الفهرسة الأصلية | DNLM/DLC |
| وكالة النسخ | DLC |
| 042 ## - رمز التحقق | |
| رمز التحقق | pcc |
| 060 10 - رقم الطلب بالمكتبة الطبية الوطنية | |
| رقم التصنيف | QS 4 |
| 082 00 - رقم تصنيف ديوى العشرى | |
| رقم التصنيف | 611 |
| رقم الطبعة | 23 |
| 100 1# - المدخل الرئيسى - إسم شخصى | |
| الإسم الشخصى | Stenhouse, Louise. |
| 9 (RLIN) | 36088 |
| 245 10 - بيان العنوان | |
| العنوان | Crash Course Anatomy |
| 250 ## - بيان الطبعة | |
| بيان الطبعة | 4th ed. / |
| بقية بيان الطبعة | Louise Stenhouse. |
| 260 ## - PUBLICATION, DISTRIBUTION, ETC. (IMPRINT) | |
| مكان الناشر او الموزع | Edinburgh : |
| اسم الناشر او الموزع | Mosby, |
| تاريخ النشر أو التوزيع | 2012. |
| 263 ## - تاريخ النشر المتوقع | |
| تاريخ النشر المتوقع | 1205 |
| 300 ## - الوصف المادى | |
| التعداد | p. ; |
| أبعاد الوعاء | cm. |
| 490 1# - بيان السلسلة | |
| عنوان السلسلة | Crash course |
| 500 ## - تبصرة عامة | |
| تبصرة عامة | Rev. ed. of: Anatomy. 3rd ed. / Michael Dykes, Will Watson. 2007. |
| 500 ## - تبصرة عامة | |
| تبصرة عامة | Includes index. |
| 505 0# - تبصرة محتويات-الفهرس | |
| تبصرة المحتويات المصاغة | Basic concepts of anatomy -- The back -- The upper limb -- The thorax -- The abdomen -- The pelvis and perineum -- The lower limb -- The head and neck. |
| 650 12 - المدخل الاضافى بالموضوع-مصطلح موضوعى | |
| مصطلح موضوعي أو اسم جغرافي كعنصر مدخل | Anatomy. |
| 9 (RLIN) | 57319 |
| 700 1# - المدخل الاضافى - اسم شخصى | |
| الإسم الشخصى | Dykes, Michael. |
| عنوان العمل | Anatomy. |
| 9 (RLIN) | 36089 |
| 830 #0 - المدخل الاضافى بالسلسلة -عنوان موحد | |
| عنوان موحد | Crash course. |
| 9 (RLIN) | 36087 |
| 906 ## - عنصر بيانات محلى F, LDF (RLIN) | |
| a | 7 |
| b | cbc |
| c | orignew |
| d | 1 |
| e | ecip |
| f | 20 |
| g | y-gencatlg |
| 942 ## - عناصر المدخل الإضافي( كوها) | |
| مصدر التصنيف او مخطط الترفيف | Dewey Decimal Classification |
| Koha [default] item type | كتاب |
| حالة الفقد | نموذج السعر الفعال | حالة تلف | ليس للاعارة | رقم الطلب | رقم النسخة | تاريخ الاكتساب | الموقع الحالي | الباركود | الفرع الرئيسي | Date last seen | نوع المادة فى نظام كوها | مصدر التصنيف او خطة الترفيف | Total Checkouts | Total Renewals | Date last checked out |
|---|---|---|---|---|---|---|---|---|---|---|---|---|---|---|---|
| 2013-06-20 | Not For Loan | 611 SLA | 1 | 2013-06-20 | المكتبة المركزية بالمجمعة (CL) | 00306804 | المكتبة المركزية بالمجمعة (CL) | 2013-06-20 | كتاب | Dewey Decimal Classification | |||||
| 2013-06-20 | 611 SLA | 2 | 2013-06-20 | المكتبة المركزية بالمجمعة (CL) | 00306805 | المكتبة المركزية بالمجمعة (CL) | 2015-08-16 | كتاب | Dewey Decimal Classification | 2 | 1 | 2014-06-11 | |||
| 2013-06-20 | 611 SLA | 3 | 2013-06-20 | المكتبة المركزية بالمجمعة (CL) | 00306806 | المكتبة المركزية بالمجمعة (CL) | 2013-06-20 | كتاب | Dewey Decimal Classification | ||||||
| 2014-06-24 | 611 SLA | 4 | 2014-06-24 | المكتبة المركزية بالمجمعة (CL) | 00307476 | المكتبة المركزية بالمجمعة (CL) | 2014-06-24 | كتاب | Dewey Decimal Classification | ||||||
| 2014-06-24 | 611 SLA | 5 | 2014-06-24 | المكتبة المركزية بالمجمعة (CL) | 00307477 | المكتبة المركزية بالمجمعة (CL) | 2016-09-25 | كتاب | Dewey Decimal Classification | 2 | 2015-09-07 |
